000 00644nam a22002297a 4500
003 UA-OsUOA
001 119797
007 ta
008 20161118b un ||||| |||| 00| 0 ukr d
100 _aМогилов О.Д.
700 _aБокій Н.М.
090 _a902
_bМ74
942 _cSA
040 _aUA-OsUOA
_bukr
_cUA-OsUOA
_dUA-OsUOA
245 _aПоховання скіфського вершника на р. Синюха
300 _aС.76-89
955 _a0
041 _aukr
080 _a902
773 0 _w119791
_tАрхеологія
_dК.
_d2016
_g3
650 7 _a9 Географія. Біографії. Історія
_2UDC
999 _c405990
_d405990